THE AUTOBIOGRAPHY OF VICTOR CESERANI CATERING FOR LIFE (Record no. 21084)

MARC details
000 -LEADER
fixed length control field 00339nam a22001457a 4500
003 - CONTROL NUMBER IDENTIFIER
control field SGT
020 ## - INTERNATIONAL STANDARD BOOK NUMBER
International Standard Book Number 0-340-49456-5
082 ## - DEWEY DECIMAL CLASSIFICATION NUMBER
Classification number 641.5
Item number CES
100 ## - MAIN ENTRY--PERSONAL NAME
Personal name CESERANI, VICTOR
245 ## - TITLE STATEMENT
Title THE AUTOBIOGRAPHY OF VICTOR CESERANI CATERING FOR LIFE
250 ## - EDITION STATEMENT
Edition statement 1ST
260 ## - PUBLICATION, DISTRIBUTION, ETC. (IMPRINT)
Place of publication, distribution, etc LONDON
Name of publisher, distributor, etc BLC PUB.
Year of Publication 1989
300 ## - PAGE DESCRIPTION
No. of Pages 211
942 ## - ADDED ENTRY ELEMENTS (KOHA)
Source of classification or shelving scheme Dewey Decimal Classification
Koha item type Books
Holdings
Withdrawn status Lost status Source of classification or shelving scheme Damaged status Not for loan Collection code Home library Current library Shelving location Date acquired Vendor Name Cost, normal purchase price SGTU Bill Number Total Checkouts Full call number Accession No. (Barcode) Date last seen Bill Date Koha item type
    Dewey Decimal Classification     HOTEL MANAGEMENT SGT Science & Social Sciences Library SGT Science & Social Sciences Library Text Book 27/04/2021 JINDAL 795.00 SGTU 2230   641.5 CES HM1218 27/04/2021 24/03/2021 Books
    Dewey Decimal Classification     HOTEL MANAGEMENT SGT Science & Social Sciences Library SGT Science & Social Sciences Library Text Book 27/04/2021 JINDAL 795.00 SGTU 2230   641.5 CES HM1219 27/04/2021 24/03/2021 Books
    Dewey Decimal Classification     HOTEL MANAGEMENT SGT Science & Social Sciences Library SGT Science & Social Sciences Library Text Book 27/04/2021   795.00 SGTU 2230   641.5 CES HM1225 27/04/2021 27/04/2021 Books